=LDR 00000nam 2200000 4500 =001 NUTBA000000000000355 =005 20140321091336.0 =006 =007 =008 =020 ##$$a 978-602-8496-17-9 =035 ##$$a 0010-031400000000354 =040 ##$$a Ind =082 ##$$a 650 =090 ##$$a 650$bTha p =100 ##$$a Taniago, Roy. =245 ##$$a Panen rupiah di depan rumah$cRoy taniago =250 ##$$a Cet.1 =260 ##$$a Jakarta$bPustaka bina swadaya$c2009. =300 ##$$a 130 Hlm$bIlus$c23 cm =500 ##$$a Bibliografi : Hlm 131$Biografi : Hlm 132 =850 ##$$a NBPNMAT =990 ##$$a 21105966 =990 ##$$a 90973/BPAP-NTB/2014